02492cam a22003855a 45000010009000000050017000090080041000260100017000670200025000840200023001090350020001320400033001520420008001850600011001930820021002042450106002252500012003312600054003433000037003975000106004345000024005405040041005645051012006056500055016176500054016726500033017266500027017596510010017866530024017967000039018207000045018599420025019049990017019299520160019461862734520160816121223.0150521s2016 njua frb 001 0 eng d a 2015020371 a9781118432150 (pbk.) a1118432150 (pbk.) a(DNLM)101659319 aDNLM/DLCbengcDLCdEG-ScBUE apcc10aWU 60004222a617.605bMAN00aManual of minor oral surgery for the general dentist /cedited by Pushkar Mehra, Richard D'Innocenzo. a2nd ed. aHoboken, New Jersey :bWiley Blackwell,cc.2016.. aviii, 299 :bcol. ill. ;c24 cm. aPreceded by: Manual of minor oral surgery for the general dentist / edited by Karl R. Koerner. c2006. aIndex : p. 295-299. aIncludes bibliographical references.0 aPatient evaluation and history taking / Dale A. Baur, Andrew Bushey, and Diana Jee-Hyun Lyu -- Management of the patient with medical comorbidities / David W. Lui and David C. Stanton -- Minimal sedation for oral surgery and other dental procedures/ Kyle Kramer and Jeffrey Bennett -- Surgical extractions / Daniel Oreadi -- Third molar extractions / George Blakey -- Pre-prosthetic oral surgery / Antonia Kolokythas, Jason Jamali, and Michael Miloro -- Evaluation and biopsy technique for oral lesions / Marianela Gonzalez, Thomas C. Bourland, and Cesar A. Guerrero -- Surgical implantology / Alfonso Caiazzo and Frederico Brugnami -- Hard tissue augmentation for dental implants / Pamela Hughes -- Soft tissue surgery for dental implants / Hussam Batal -- Surgical crown lengthening / Serge Dibart -- Endodontic periradicular microsurgery / Louay Abrass -- Dentoaveloar trauma / Omar Abubaker and Din Lam -- Orofacial infections / Thomas R. Flynn -- Complications in minor oral surgery / Patrick J. Louis. 7aOral Surgical Procedures xmethods.2BUEsh940741 7aMinor Surgical Proceduresxmethods.2BUEsh940761 7aDentistry, Operative.930617 7aMouthxSurgery.936856 2BUEsh bDDentcAugust 2016 1 aMehra, Pushkar‏ eeditor.9407591 aD'Innocenzo, Richard‏ eeditor.940760 2ddce22k617.605 MAN c22180d22152 00102ddc40708AcademicaMAINbMAINc1STd2016-08-16ePurchaseg840.00h9126l2m61o617.605 MANp000033197r2025-07-15 00:00:00s2020-11-22v1050.00yBB